• 首页
  • 本馆介绍
  • 公告通知
  • 最新文献
  • 馆藏检索
  • 电子资源
  • 读者导购
  • 参考咨询
  • 我的图书馆
  • 登录
  • 详细信息显示
  • 放入我的书架
  • 预约/预借图书
  • 作者相关作品
  • 分类相关作品
  • 丛书相关作品
  • 出版社相关作品

书目信息

  • 表格格式
  • 工作单格式
  • 卡片格式
题名:
创业测试
    
 
作者: 马林斯 著 ;石建峰 译
分册:  
出版信息: 北京   人民大学出版社  2004
页数: 243
开本: 21cm
丛书名: 创业管理丛书
单 册:
中图分类: F712.1
科图分类:
主题词: 商业经济--国内
电子资源:
ISBN: 7-300-05256-8
000 00819nam0 2200229 450
001 0760515518
005 20070817164835.51
010    @a7-300-05256-8@d¥15.00
100    @a20070817d km y0chiy0120 ea
101 0  @achi
200 1  @a创业测试@Achuang ye ce shi@e企业家及经理人在制定商业计划前应该做些什么@f马林斯著@Fma lin si zhu@g石建峰译@Gshi jian feng yi
210    @a北京@c人民大学出版社@d2004
215    @a243@d21cm
225 2  @a创业管理丛书
410  0 @12001 @a创业管理丛书
517 1  @a企业家及经理人在制定商业计划前应该做些什么@Aqi ye jia ji jing li ren zai zhi ding shang ye ji hua qian ying gai zuo xie shi mo
606 0  @a商业经济@x国内
690    @aF712.1@v3
701  0 @a马林斯@Ama lin si@4著
702  0 @a石建峰@Ashi jian feng@4译
801  0 @aCN@bPFT@c20070817
905    @a213230@dF712.1@eg195@f1
    
    创业测试:企业家及经理人在制定商业计划前应该做些什么/马林斯著/石建峰译.-北京:人民大学出版社,2004
    243;21cm.-(创业管理丛书)
    
    
    ISBN 7-300-05256-8:¥15.00
    
●
相关链接 在E读中查询图书 在五车中查询图书 在当当中查询图书 在豆瓣中查询图书


正题名:创业测试     索取号:F712.1/g195         预约/预借

序号 登录号 条形码 馆藏地/架位号 状态 备注
1 6503926   265039264   密集书库-海洋学院/ [索取号:F712.1/g195] 在馆    
2 6503927   265039273   密集书库-海洋学院/ [索取号:F712.1/g195] 在馆    
唐山师范学院图书馆 欢迎您!
大连网信软件有限公司© 版权所有